El primo Pons
Guardat en:
| Autor principal: | |
|---|---|
| Format: | Llibre |
| Idioma: | espanyol |
| Publicat: |
Barcelona
Planeta
1981
|
| Col·lecció: | Clásicos Universales Planeta
|
| Matèries: | |
| Etiquetes: |
Afegir etiqueta
Sense etiquetes, Sigues el primer a etiquetar aquest registre!
|
MARC
| LEADER | 00000nam a2200000 a 4500 | ||
|---|---|---|---|
| 001 | UCQ4868 | ||
| 003 | CL-VaPUC | ||
| 008 | 980910e19810000SP |||||||||||||||||spa|d | ||
| 082 | 0 | 4 | |a 843 |b BAL |2 21 |
| 100 | |a Balzac, Honoré de |e author |9 265437 | ||
| 245 | 1 | 3 | |a El primo Pons |
| 300 | |a 361 p | ||
| 942 | |c BK | ||
| 945 | |d 19980910 00:00:00 |a crobeson | ||
| 260 | |a Barcelona |b Planeta |c 1981 | ||
| 650 | 0 | |a Novela francesa |9 264985 | |
| 650 | 0 | |a Literatura francesa |9 266330 | |
| 583 | |a last modification |c 19980910 00:00:00 |k Rodrigo Vera | ||
| 490 | 0 | |a Clásicos Universales Planeta | |
| 999 | |c 275167 |d 275165 | ||
| 952 | |0 0 |1 0 |4 0 |6 843_000000000000000_BAL_1981 |7 0 |8 A |9 311724 |a BIBEDU |b BIBEDU |d 2019-11-20 |i 1466453 |o 843 BAL 1981 |p 1466453 |r 2019-11-20 |w 2019-11-20 |y BK |k LIT | ||